<?xml version="1.0" encoding="UTF-8"?>
<collection xmlns="http://www.loc.gov/MARC21/slim">
 <record>
  <leader>01686cam a2200277 7i4500</leader>
  <controlfield tag="001">0000057690</controlfield>
  <controlfield tag="005">20230726090000.0</controlfield>
  <controlfield tag="007">  Dissertations</controlfield>
  <controlfield tag="008">210414              eng</controlfield>
  <datafield tag="040" ind1=" " ind2=" ">
   <subfield code="a">TSAM Library</subfield>
  </datafield>
  <datafield tag="090" ind1="0" ind2="0">
   <subfield code="a">TJ145 </subfield>
   <subfield code="b">DIV 2019</subfield>
  </datafield>
  <datafield tag="100" ind1="1" ind2="1">
   <subfield code="a">Diviya, Dharshini Poobalan </subfield>
   <subfield code="e">author </subfield>
  </datafield>
  <datafield tag="245" ind1="1" ind2="4">
   <subfield code="a">Effects of Seawater in Mixing and Curing On Concrete  </subfield>
   <subfield code="c">Diviya Dharshini Pooblan.</subfield>
  </datafield>
  <datafield tag="264" ind1=" " ind2="1">
   <subfield code="a">Nilai: </subfield>
   <subfield code="b">INTI International University, </subfield>
   <subfield code="c">January 2019.</subfield>
  </datafield>
  <datafield tag="300" ind1=" " ind2=" ">
   <subfield code="a">viii, 34 pages: </subfield>
   <subfield code="b">illustrations, colors; </subfield>
   <subfield code="c">30 cm.</subfield>
  </datafield>
  <datafield tag="336" ind1=" " ind2=" ">
   <subfield code="a">text</subfield>
   <subfield code="2">rdacontent</subfield>
  </datafield>
  <datafield tag="337" ind1=" " ind2=" ">
   <subfield code="a">unmediated</subfield>
   <subfield code="2">rdamedia</subfield>
  </datafield>
  <datafield tag="338" ind1=" " ind2=" ">
   <subfield code="a">volume</subfield>
   <subfield code="2">rdacarrier</subfield>
  </datafield>
  <datafield tag="500" ind1="0" ind2="0">
   <subfield code="a">B.Eng (Hons) in Civil Engineering January 2019</subfield>
  </datafield>
  <datafield tag="500" ind1="0" ind2="0">
   <subfield code="a">BCEGI 69</subfield>
  </datafield>
  <datafield tag="501" ind1="0" ind2="0">
   <subfield code="a">FEQS-Civil January 2019</subfield>
  </datafield>
  <datafield tag="501" ind1="0" ind2="0">
   <subfield code="a">This research is to study the effects of seawater in mixing and curing in concrete. This projectmainly aims on the compressive strength as well as the stress strain curve. There are fourdifferent batched of samples that have been tested to study the compressive strength as well asthe stress strain curve. The compressive strength of each batch of concrete have been tested onthe 7th, 14th, and 28th day after curing. Results have shown that the concrete which have beenmixed and cured with and in seawater has the highest compressive strength.</subfield>
  </datafield>
  <datafield tag="502" ind1="0" ind2="0">
   <subfield code="a">Being a project report submitted to INTI International University as a requirements for Bachelor Of Engineering (Hons) in Civil Engineering January 2019 under the managment and supervision of Faculty of Engineering &amp; Quantity Surveying, INTI International University</subfield>
  </datafield>
  <datafield tag="650" ind1="0" ind2="0">
   <subfield code="a">Dissertations, academic -- </subfield>
   <subfield code="x">Engineering </subfield>
  </datafield>
  <datafield tag="650" ind1="0" ind2="0">
   <subfield code="a">Civil Engineering </subfield>
  </datafield>
  <datafield tag="650" ind1="0" ind2="0">
   <subfield code="a">BCEGI </subfield>
  </datafield>
 </record>
</collection>
